LEADER 00975nam a22002411i 4500 001 991004062309707536 005 20031002103131.0 008 031111s1963 gw |||||||||||||||||ger 035 $ab12513842-39ule_inst 035 $aARCHE-054711$9ExL 040 $aDip.to Lingue$bita$cA.t.i. Arché s.c.r.l. Pandora Sicilia s.r.l. 082 04$a820.9 100 1 $aHaslag, Josef$0457914 245 10$a"Gothic" im siebzehnten und achtzehnten Jahrhundert :$beine wort- und ideengeschichtliche Untersuchung /$cvon Josef Haslag 260 $aKöln ;$aGraz :$bBöhlau,$c1963 300 $aVI, 203 p. ;$c24 cm 440 0$aAnglistische studien ;$v1 907 $a.b12513842$b02-04-14$c13-11-03 912 $a991004062309707536 945 $aLE012 HAS 1413$g1$i2012000083080$lle012$o-$pE0.00$q-$rl$s- $t0$u0$v0$w0$x0$y.i12952552$z13-11-03 996 $a"Gothic" im siebzehnten und achtzehnten Jahrhundert$9185049 997 $aUNISALENTO 998 $ale012$b13-11-03$cm$da $e-$fger$ggw $h0$i1 LEADER 02547nam 2200637 a 450 001 9910829844903321 005 20210604090500.0 010 $a1-119-97849-1 010 $a1-119-97848-3 010 $a1-280-58990-6 010 $a9786613619730 010 $a1-119-97775-4 010 $a1-119-97776-2 035 $a(CKB)2550000000082788 035 $a(EBL)818583 035 $a(OCoLC)775301849 035 $a(SSID)ssj0000598926 035 $a(PQKBManifestationID)11351011 035 $a(PQKBTitleCode)TC0000598926 035 $a(PQKBWorkID)10592460 035 $a(PQKB)10037685 035 $a(OCoLC)844346361 035 $a(MiAaPQ)EBC818583 035 $a(PPN)158909607 035 $a(EXLCZ)992550000000082788 100 $a20110712d2012 uy 0 101 0 $aeng 135 $aur|n|---||||| 181 $ctxt 182 $cc 183 $acr 200 10$aDesertification, land degradation and sustainability$b[electronic resource] /$fAnton Imeson 210 $aHoboken, N.J. $cWiley$d2012 215 $a1 online resource (346 p.) 300 $aDescription based upon print version of record. 311 $a0-470-71449-2 311 $a0-470-71448-4 320 $aIncludes bibliographical references and index. 327 $apt. 1. The nature of desertification -- pt. 2. Local desertification impact and response -- pt. 3. Global desertification impact and response. 330 $aDesertification offers a comprehensive overview of the subject and clearly emphasizes the link between local and global desertification processes and how past and current policy has affected arid environments and their populations. This text adequately applies the research undertaken during the last 15 years on the topic. Desertification has become increasingly politicized and there is a need to present and explain the facts from a global perspective. This book tackles the issues surrounding desertification in a number of ways from differing scales (local to global), processes (physical to h 606 $aDesertification 606 $aDesertification$xControl 606 $aReclamation of land 615 0$aDesertification. 615 0$aDesertification$xControl. 615 0$aReclamation of land. 676 $a333.73/6 676 $a333.736 700 $aImeson$b Anton$01664767 801 0$bMiAaPQ 801 1$bMiAaPQ 801 2$bMiAaPQ 906 $aBOOK 912 $a9910829844903321 996 $aDesertification, land degradation and sustainability$94022999 997 $aUNINA